| 000 | 00430 a2200133 4500 | ||
|---|---|---|---|
| 001 | 91624 | ||
| 082 | _aPR 1589 | ||
| 090 |
_c43779 _d43778 |
||
| 100 | _aAbdul Waheed Abid; Prof Syed Naveed Abbas and Muhammad Ramzan, Advisors | ||
| 245 |
_aSoftware for frequency Management of PAF (military UHF band Air to Ground Communication) _n53 "B" EC |
||
| 260 |
_aRawalpindi _bNUST _c2001 |
||
| 300 | _a146p | ||
| 500 | _aBE Project Reports | ||
| 942 |
_aCAE NUST _kPR 1589 |
||
| 999 |
_c326697 _d326697 |
||